[Event "SVK-chT2A 0506"]
[Site "Slovakia"]
[Date "2006.03.11"]
[Round "10.2"]
[White "Kisonova, Katarina"]
[Black "Meszaros, Michal"]
[Result "0-1"]
[WhiteElo "2146"]
[BlackElo "2354"]
[PlyCount "92"]
[EventDate "2005.10.22"]
[EventType "team-tourn"]
[EventRounds "11"]
[EventCountry "SVK"]
[SourceTitle "EXT 2009"]
[Source "ChessBase"]
[SourceDate "2008.11.26"]
[SourceVersion "1"]
[SourceVersionDate "2008.11.26"]
[SourceQuality "1"]

1. e4 c5 2. f4 g6 3. Nf3 Bg7 4. Nc3 Nc6 5. Bb5 Nd4 6. Nxd4 cxd4 7. Ne2 e6 8. 0-0 Qb6 9. Bd3 Ne7 10. b3 d6 11. Kh1 0-0 12. Bb2 f5 13. c3 dxc3 14. dxc3 fxe4 15. Bxe4 Nf5 16. Qd2 Bd7 17. Ba3 Qa6 18. Bb4 Bc6 19. Bd3 Qb6 20. Bxf5 Rxf5 21. Rae1 a5 22. Ba3 Rd5 23. Qc1 a4 24. c4 Rd3 25. b4 Rc8 26. Rd1 Qe3 27. Rxd3 Qxd3 28. Ng3 Bd5 29. c5 dxc5 30. bxc5 h5 31. Rd1 Qb5 32. Qc2 h4 33. Nf1 h3 34. Ne3 hxg2+ 35. Nxg2 Rf8 36. Kg1 Rf5 37. h3 g5 38. Ne3 Rxf4 39. Nxd5 exd5 40. Qg2 d4 41. Qd5+ Rf7 42. Re1 Qd3 43. Re7 Qg3+ 44. Kh1 Qxh3+ 45. Kg1 Qg3+ 46. Kh1 Qf3+ 0-1

[Event "SVK-chT 0506"]
[Site "Slovakia"]
[Date "2006.02.26"]
[Round "10"]
[White "Motuz, Karol"]
[Black "Kisonova, Katarina"]
[Result "1-0"]
[WhiteElo "2315"]
[BlackElo "2145"]
[PlyCount "85"]
[EventDate "2005.10.08"]
[EventType "team-tourn"]
[EventRounds "11"]
[EventCountry "SVK"]
[SourceTitle "EXT 2019"]
[Source "ChessBase"]
[SourceDate "2018.10.10"]
[SourceVersion "1"]
[SourceVersionDate "2018.10.10"]
[SourceQuality "1"]
[WhiteTeam "Dubnica nad Vahom"]
[BlackTeam "Modra"]
[WhiteTeamCountry "SVK"]
[BlackTeamCountry "SVK"]

1. c4 Nf6 2. Nc3 e6 3. d4 Bb4 4. f3 c5 5. d5 d6 6. e4 Bxc3+ 7. bxc3 e5 8. Bd3 Nbd7 9. Ne2 Nf8 10. h4 Ng6 11. h5 Nf8 12. h6 g6 13. Bg5 N8d7 14. f4 exf4 15. 0-0 Qa5 16. Bxf4 Qc7 17. Ng3 Ng8 18. Bc2 f6 19. Ba4 Ke7 20. Bxd7 Qxd7 21. e5 dxe5 22. Bxe5 fxe5 23. Qf3 Qe8 24. Rae1 Kd8 25. Ne4 Bf5 26. Nxc5 b6 27. Ne6+ Bxe6 28. dxe6 Kc7 29. Rd1 Rd8 30. Rxd8 Qxd8 31. Rd1 Qc8 32. Rd7+ Kb8 33. Qd5 Nxh6 34. Qxe5+ Ka8 35. Qd5+ Kb8 36. Qd6+ Ka8 37. Rc7 Qa6 38. e7 Nf7 39. Qd5+ Kb8 40. Qxf7 Qa4 41. Rb7+ Ka8 42. Qd5 Qa5 43. Rd7+ 1-0

[Event "SVK-chT 0506"]
[Site "Slovakia"]
[Date "2006.01.08"]
[Round "11"]
[White "Kisonova, Katarina"]
[Black "Sarmir, Milos"]
[Result "1/2-1/2"]
[WhiteElo "2145"]
[BlackElo "2135"]
[PlyCount "139"]
[EventDate "2005.10.08"]
[EventType "team-tourn"]
[EventRounds "11"]
[EventCountry "SVK"]
[SourceTitle "EXT 2019"]
[Source "ChessBase"]
[SourceDate "2018.10.10"]
[SourceVersion "1"]
[SourceVersionDate "2018.10.10"]
[SourceQuality "1"]
[WhiteTeam "Modra"]
[BlackTeam "Senica"]
[WhiteTeamCountry "SVK"]
[BlackTeamCountry "SVK"]

1. e4 e5 2. Bc4 d6 3. Nf3 Be7 4. c3 Nf6 5. Qe2 0-0 6. 0-0 Bg4 7. h3 Bh5 8. Rd1 c5 9. d4 Qc7 10. Nbd2 cxd4 11. cxd4 Nc6 12. g4 Bg6 13. d5 Nb8 14. Nh4 Nbd7 15. Nf5 Bxf5 16. gxf5 Rac8 17. Bb5 a6 18. Bxd7 Qxd7 19. Nf1 Qa4 20. Ng3 Rc2 21. Rd2 Rfc8 22. Rxc2 Rxc2 23. Qd3 Rc8 24. Be3 Bd8 25. Qd1 Qxd1+ 26. Rxd1 Rc2 27. Rc1 Rxc1+ 28. Bxc1 Bb6 29. Bd2 Kf8 30. Kf1 Bd4 31. b3 Nd7 32. Ke2 Ke7 33. h4 g6 34. fxg6 hxg6 35. h5 Kf6 36. Kf3 Kg7 37. hxg6 fxg6 38. Ne2 Bc5 39. Ng1 Nf6 40. Nh3 Nh7 41. Kg3 Nf6 42. Ng5 Bb6 43. Bb4 Ne8 44. Ne6+ Kf6 45. f3 Ke7 46. Kg4 Nc7 47. Nxc7 Bxc7 48. f4 Kf6 49. fxe5+ Kxe5 50. Kf3 Kd4 51. Ba3 g5 52. Bb4 g4+ 53. Kf4 g3 54. Kxg3 Kxe4 55. Kf2 Kxd5 56. Ke3 a5 57. Bc3 b5 58. Kd3 a4 59. Bb4 Bb6 60. Bc3 Bg1 61. Bb4 Bh2 62. Ba3 Ke6 63. bxa4 bxa4 64. Kc4 d5+ 65. Kb5 Bd6 66. Kxa4 Bxa3 67. Kxa3 Ke5 68. Kb3 Kd4 69. Kc2 Ke3 70. a4 1/2-1/2

[Event "SVK-chT1W 0405"]
[Site "Slovakia"]
[Date "2005.??.??"]
[Round "6"]
[White "Bojda, Lubomir"]
[Black "Kisonova, Katarina"]
[Result "1/2-1/2"]
[WhiteElo "2156"]
[BlackElo "2163"]
[PlyCount "99"]
[EventDate "2004.10.??"]
[EventType "team"]
[EventRounds "11"]
[EventCountry "SVK"]
[SourceTitle "EXT 2006"]
[Source "ChessBase"]
[SourceDate "2005.11.24"]
[SourceVersion "1"]
[SourceVersionDate "2005.11.24"]
[SourceQuality "1"]

1. d4 Nf6 2. Nf3 e6 3. c4 b6 4. g3 Bb7 5. Bg2 Bb4+ 6. Bd2 Bxd2+ 7. Nbxd2 d6 8. 0-0 Nbd7 9. Re1 c5 10. d5 e5 11. Qc2 0-0 12. Nh4 g6 13. f4 exf4 14. gxf4 Nh5 15. Ndf3 Nxf4 16. e4 Bc8 17. Kh1 Ne5 18. Rg1 Kh8 19. b3 Qf6 20. Raf1 g5 21. Nf5 Bxf5 22. exf5 Nxf3 23. Bxf3 Rae8 24. h4 Qh6 25. Qh2 Qxh4 26. Qxh4 gxh4 27. Rg4 Ne2 28. Rf2 Ng3+ 29. Kh2 Nxf5 30. Be4 Nd4 31. Rf6 Rg8 32. Rxh4 Rg7 33. Rhf4 Re5 34. Rh4 Re8 35. Rhf4 Ne2 36. Rh4 Nd4 37. Rhf4 Ne2 38. Rh4 Nd4 39. Rhf4 Ne2 40. Rh4 Nc3 41. Bd3 Re3 42. Rh3 Ne4 43. Bxe4 Rxe4 44. Rxd6 Re2+ 45. Kh1 Rxa2 46. Rf3 h5 47. Rh6+ Kg8 48. Rd3 f5 49. d6 Rd7 50. Rxh5 1/2-1/2

[Event "SVK-chT1W 0405"]
[Site "Slovakia"]
[Date "2005.??.??"]
[Round "8"]
[White "Hartl, Jan"]
[Black "Kisonova, Katarina"]
[Result "1-0"]
[WhiteElo "2158"]
[BlackElo "2163"]
[PlyCount "63"]
[EventDate "2004.10.??"]
[EventType "team"]
[EventRounds "11"]
[EventCountry "SVK"]
[SourceTitle "EXT 2006"]
[Source "ChessBase"]
[SourceDate "2005.11.24"]
[SourceVersion "1"]
[SourceVersionDate "2005.11.24"]
[SourceQuality "1"]

1. e4 c5 2. Nf3 e6 3. d4 cxd4 4. c3 d3 5. Bxd3 d6 6. c4 Nf6 7. Nc3 Be7 8. 0-0 a6 9. Qe2 0-0 10. Rd1 Qc7 11. h3 Nbd7 12. Be3 b6 13. Rac1 Bb7 14. b4 Rac8 15. a3 Qb8 16. Bf4 g6 17. Bb1 Nh5 18. Bh2 Rfd8 19. Ba2 Nhf6 20. Ne1 Ne8 21. Qd2 Qa8 22. Qe3 Bf8 23. f3 Qb8 24. Rc2 Ba8 25. Nd3 Bg7 26. Ne2 Bc6 27. Bb3 Ba8 28. Nf2 Be5 29. f4 Bg7 30. Rcd2 Qb7 31. Nd4 Bh6 32. Qg3 1-0

[Event "SVK-chT1W 0405"]
[Site "Slovakia"]
[Date "2005.??.??"]
[Round "11"]
[White "Kisonova, Katarina"]
[Black "Mihalik, Marek"]
[Result "1/2-1/2"]
[WhiteElo "2163"]
[BlackElo "2126"]
[PlyCount "117"]
[EventDate "2004.10.??"]
[EventType "team"]
[EventRounds "11"]
[EventCountry "SVK"]
[SourceTitle "EXT 2006"]
[Source "ChessBase"]
[SourceDate "2005.11.24"]
[SourceVersion "1"]
[SourceVersionDate "2005.11.24"]
[SourceQuality "1"]

1. e4 c5 2. f4 d5 3. exd5 Qxd5 4. Nc3 Qd8 5. Nf3 Nf6 6. Ne5 e6 7. Qf3 a6 8. Bd3 Qc7 9. Ne4 Nbd7 10. Nxd7 Bxd7 11. Nxf6+ gxf6 12. b3 Bc6 13. Be4 Bxe4 14. Qxe4 f5 15. Qe5 Qxe5+ 16. fxe5 Rg8 17. 0-0 0-0-0 18. d3 Rd4 19. h3 Bg7 20. Re1 Bh8 21. Bb2 Rd5 22. Re2 Bg7 23. Rf1 Bh6 24. Bc1 Bg7 25. Bf4 b5 26. Rf3 Bh8 27. Kf2 Kb7 28. Rg3 Rg6 29. Rf3 Kc6 30. Ke1 Rg8 31. Kd2 a5 32. Rg3 Rg6 33. c4 bxc4 34. bxc4 Rd8 35. Rg5 Rb8 36. Kc2 a4 37. Rh5 Rg7 38. Kc3 Rbg8 39. g3 Rb8 40. Rb2 Rxb2 41. Kxb2 Kb6 42. Kc3 f6 43. exf6 Rg6 44. Rxh7 Bxf6+ 45. Kc2 Bg7 46. h4 e5 47. Bg5 Kc6 48. Kd2 Kd6 49. Ke3 Ke6 50. Kf3 Kf7 51. Be3 Rd6 52. Rh5 Ke6 53. Ke2 Rb6 54. Rg5 Rb2+ 55. Kf3 Bf6 56. Rg8 Rxa2 57. Bxc5 Rd2 58. Ke3 Rg2 59. Kf3 1/2-1/2

[Event "SVK-chT1W 0405"]
[Site "Slovakia"]
[Date "2004.??.??"]
[Round "2"]
[White "Kisonova, Katarina"]
[Black "Kleman, Miroslav"]
[Result "1/2-1/2"]
[WhiteElo "2163"]
[BlackElo "2142"]
[PlyCount "86"]
[EventDate "2004.10.??"]
[EventType "team"]
[EventRounds "11"]
[EventCountry "SVK"]
[SourceTitle "EXT 2006"]
[Source "ChessBase"]
[SourceDate "2005.11.24"]
[SourceVersion "1"]
[SourceVersionDate "2005.11.24"]
[SourceQuality "1"]

1. e4 e5 2. Nf3 Nc6 3. Bb5 a6 4. Ba4 Nf6 5. Qe2 d6 6. c3 Be7 7. 0-0 0-0 8. Rd1 b5 9. Bc2 Bb7 10. d3 h6 11. Nbd2 Nh7 12. Nf1 Ng5 13. Ng3 Nxf3+ 14. Qxf3 Bg5 15. Be3 Bxe3 16. fxe3 Ne7 17. Qf2 c5 18. Rf1 d5 19. exd5 Qxd5 20. e4 Qc6 21. Nf5 Nxf5 22. Qxf5 Qe6 23. Qxe6 fxe6 24. Bb3 Rxf1+ 25. Rxf1 Re8 26. Rf3 Bc8 27. Bd1 g6 28. Rg3 Kf7 29. Kf2 Rd8 30. Be2 Bd7 31. Ke3 Ra8 32. Rf3+ Kg7 33. Rf1 g5 34. Bh5 Be8 35. Bg4 Bd7 36. Rf2 Rc8 37. Bd1 Be8 38. b4 cxb4 39. cxb4 Rc1 40. Bb3 Bf7 41. Kd2 Rh1 42. g3 h5 43. Ke3 Re1+ 1/2-1/2

[Event "SVK-chT1W 0405"]
[Site "Slovakia"]
[Date "2004.??.??"]
[Round "1"]
[White "Mikulas, Dusan"]
[Black "Kisonova, Katarina"]
[Result "1/2-1/2"]
[WhiteElo "2151"]
[BlackElo "2163"]
[PlyCount "77"]
[EventDate "2004.10.??"]
[EventType "team"]
[EventRounds "11"]
[EventCountry "SVK"]
[SourceTitle "EXT 2006"]
[Source "ChessBase"]
[SourceDate "2005.11.24"]
[SourceVersion "1"]
[SourceVersionDate "2005.11.24"]
[SourceQuality "1"]

1. e4 c5 2. Nf3 e6 3. d4 cxd4 4. Nxd4 a6 5. Bd3 Nf6 6. Nc3 Qc7 7. 0-0 b5 8. a3 Bb7 9. Kh1 Bc5 10. Nb3 Be7 11. f4 d6 12. Nd4 Nbd7 13. Nf3 0-0 14. Qe1 Nc5 15. b4 Ncd7 16. Bb2 e5 17. fxe5 dxe5 18. Nh4 Rfe8 19. Nf5 Nf8 20. Qg3 Ng6 21. Rae1 Bd8 22. Nd1 Nh5 23. Qf3 Nhf4 24. g3 Nxd3 25. cxd3 f6 26. Nde3 Qd7 27. Ng4 Re6 28. Rc1 Be7 29. h4 Bf8 30. h5 Ne7 31. Nxe7+ Bxe7 32. Nf2 Rf8 33. g4 Rc6 34. Rxc6 Bxc6 35. Kh2 Qe6 36. Rc1 Rc8 37. Qd1 Bd7 38. Rxc8+ Bxc8 39. Qc2 1/2-1/2

[Event "SVK-chT1W 0304"]
[Site "Slovakia"]
[Date "2003.??.??"]
[Round "3"]
[White "Kisonova, Katarina"]
[Black "Janko, Michal"]
[Result "1-0"]
[WhiteElo "2195"]
[BlackElo "2145"]
[PlyCount "65"]
[EventDate "2003.10.??"]
[EventType "team"]
[EventRounds "9"]
[EventCountry "SVK"]
[SourceTitle "EXT 2005"]
[Source "ChessBase"]
[SourceDate "2004.11.15"]
[SourceVersion "1"]
[SourceVersionDate "2004.11.15"]
[SourceQuality "1"]

1. e4 c5 2. f4 Nc6 3. Nf3 g6 4. Bb5 Bg7 5. Bxc6 dxc6 6. d3 Nf6 7. Nc3 b6 8. Ne5 Qc7 9. 0-0 0-0 10. Kh1 Nh5 11. Ng4 f5 12. exf5 Rxf5 13. g3 Rf7 14. Bd2 e5 15. Nxe5 Bxe5 16. fxe5 Bh3 17. Rxf7 Qxf7 18. Qe2 Re8 19. Kg1 Qf5 20. Re1 Ng7 21. Qe4 Qh5 22. Bf4 g5 23. Bd2 Ne6 24. Be3 Rc8 25. Qh1 Bg4 26. Rf1 Rf8 27. Rxf8+ Nxf8 28. Qxc6 Bf3 29. Qf6 h6 30. e6 Bb7 31. e7 Qf7 32. Qxf7+ Kxf7 33. exf8Q+ 1-0

[Event "EU-ch U18 Girls"]
[Site "Peniscola"]
[Date "2002.10.01"]
[Round "3"]
[White "Bronnikova, Elizaveta"]
[Black "Kisonova, Katarina"]
[Result "1-0"]
[WhiteElo "2233"]
[BlackElo "2166"]
[PlyCount "93"]
[EventDate "2002.09.29"]
[EventType "swiss"]
[EventRounds "9"]
[EventCountry "ESP"]
[SourceTitle "CBM 090 Extra"]
[Source "ChessBase"]
[SourceDate "2002.11.07"]
[SourceVersion "1"]
[SourceVersionDate "2002.11.07"]
[SourceQuality "1"]

1. e4 c5 2. Nf3 e6 3. d4 cxd4 4. Nxd4 a6 5. Bd3 Nf6 6. 0-0 Qc7 7. Qe2 d6 8. b3 Be7 9. Bb2 Bd7 10. Nd2 Nc6 11. c4 0-0 12. Kh1 Rfe8 13. f4 Nxd4 14. Bxd4 Bc6 15. Nf3 Nd7 16. Bb2 Nc5 17. Nd4 Nxd3 18. Qxd3 Bd7 19. Qg3 Bf8 20. Rad1 Rad8 21. Rd3 b6 22. Qh4 Qb7 23. Re3 Bc8 24. Qg3 Qc7 25. f5 e5 26. Ne2 f6 27. Nc3 Qf7 28. Nd5 b5 29. cxb5 axb5 30. Rc1 Kh8 31. Nc7 Re7 32. Nxb5 Rb7 33. Nc3 g6 34. fxg6 hxg6 35. Qh4+ Kg8 36. Nd5 Bg7 37. Rec3 Be6 38. Rc7 Rxc7 39. Rxc7 Bd7 40. a4 g5 41. Qg3 Qh5 42. Qf3 Qh4 43. g3 Qh6 44. Bc1 Kf8 45. a5 Qg6 46. g4 Rc8 47. Ba3 1-0

[Event "EU-ch U18 Girls"]
[Site "Peniscola"]
[Date "2002.09.30"]
[Round "2"]
[White "Kisonova, Katarina"]
[Black "Krumina, Linda"]
[Result "1-0"]
[WhiteElo "2166"]
[BlackElo "2105"]
[PlyCount "95"]
[EventDate "2002.09.29"]
[EventType "swiss"]
[EventRounds "9"]
[EventCountry "ESP"]
[SourceTitle "CBM 090 Extra"]
[Source "ChessBase"]
[SourceDate "2002.11.07"]
[SourceVersion "1"]
[SourceVersionDate "2002.11.07"]
[SourceQuality "1"]

1. e4 c5 2. f4 d5 3. exd5 Qxd5 4. Nc3 Qd8 5. Nf3 Nc6 6. Bb5 Bd7 7. 0-0 Nf6 8. d3 e6 9. Ne5 Rc8 10. Bxc6 Bxc6 11. Qe2 Be7 12. Bd2 0-0 13. Rae1 Re8 14. Bc1 a6 15. Ne4 Bxe4 16. dxe4 b5 17. c4 Qd4+ 18. Kh1 bxc4 19. Nxc4 Qd8 20. Bd2 Qc7 21. g4 Nd7 22. Qg2 Nb6 23. Ba5 Rb8 24. b3 Qc6 25. Bxb6 Rxb6 26. Nxb6 Qxb6 27. Rd1 Qb5 28. Qc2 Qc6 29. Qc4 Rb8 30. a3 a5 31. Rf3 h6 32. Re3 Bf6 33. Qc2 Rb6 34. Qg2 Bd4 35. Rh3 Qb7 36. Qf3 Qc7 37. Rd2 Qb8 38. e5 Qc7 39. g5 hxg5 40. Qh5 Qc6+ 41. Rg2 f6 42. exf6 Bxf6 43. fxg5 Bd4 44. Rf3 Rb7 45. g6 Bf6 46. Qh7+ Kf8 47. Rxf6+ gxf6 48. g7+ 1-0

[Event "EU-ch U18 Girls"]
[Site "Peniscola"]
[Date "2002.09.29"]
[Round "1"]
[White "Roelli, Corinne"]
[Black "Kisonova, Katarina"]
[Result "0-1"]
[WhiteElo "2039"]
[BlackElo "2166"]
[PlyCount "118"]
[EventDate "2002.09.29"]
[EventType "swiss"]
[EventRounds "9"]
[EventCountry "ESP"]
[SourceTitle "CBM 090 Extra"]
[Source "ChessBase"]
[SourceDate "2002.11.07"]
[SourceVersion "1"]
[SourceVersionDate "2002.11.07"]
[SourceQuality "1"]

1. d4 e6 2. c4 Nf6 3. Nc3 Bb4 4. Qc2 0-0 5. a3 Bxc3+ 6. Qxc3 b6 7. Bg5 Bb7 8. Nf3 d6 9. e3 Nbd7 10. Bd3 Re8 11. e4 e5 12. d5 h6 13. Bh4 Nf8 14. b4 c6 15. 0-0 Ng6 16. Bg3 Rc8 17. Qb3 Nh5 18. Rfd1 Qe7 19. Rac1 Rc7 20. Be2 Nhf4 21. Qe3 cxd5 22. cxd5 Rec8 23. Bb5 Rxc1 24. Rxc1 Rc7 25. h4 Nh5 26. Kh2 Qd8 27. Rc4 Rxc4 28. Bxc4 Qc7 29. Nd2 Qe7 30. Nf3 Bc8 31. Be2 Nhf4 32. Bxf4 exf4 33. Qd4 Nxh4 34. Nd2 Qg5 35. g3 Ng6 36. Qc3 Bg4 37. Bb5 Ne5 38. Kg2 fxg3 39. fxg3 h5 40. Nc4 Nxc4 41. Bxc4 h4 42. Bb5 Qe7 43. Qe1 hxg3 44. Kxg3 f5 45. Bd3 Qe5+ 46. Kg2 Qb2+ 47. Kg3 Qxa3 48. Qe3 fxe4 49. Qxe4 Bd7 50. Qh7+ Kf7 51. Qg6+ Ke7 52. Qxg7+ Kd8 53. Qg8+ Kc7 54. Qh7 Qc3 55. Kg2 Qe5 56. Qf7 Qg5+ 57. Kf1 Qc1+ 58. Ke2 Qb2+ 59. Ke3 Qe5+ 0-1

[Event "SVK-chT2W 0102"]
[Site "Slovakia"]
[Date "2002.02.17"]
[Round "9.4"]
[White "Kisonova, Katarina"]
[Black "Hecko, Dusan"]
[Result "1-0"]
[WhiteElo "2176"]
[BlackElo "2157"]
[PlyCount "85"]
[EventDate "2001.10.??"]
[EventType "team"]
[EventRounds "11"]
[EventCountry "SVK"]
[SourceTitle "EXT 2006"]
[Source "ChessBase"]
[SourceDate "2005.11.24"]
[SourceVersion "1"]
[SourceVersionDate "2005.11.24"]
[SourceQuality "1"]

1. e4 Nf6 2. e5 Nd5 3. d4 d6 4. Nf3 Bg4 5. Be2 c6 6. h3 Bxf3 7. Bxf3 dxe5 8. dxe5 e6 9. 0-0 g6 10. b3 Bg7 11. Qe2 Nd7 12. Bb2 Qg5 13. Bxd5 cxd5 14. f4 Qd8 15. Nd2 0-0 16. Bd4 Qe7 17. c4 Rfd8 18. cxd5 exd5 19. Qb5 b6 20. Rac1 Nf8 21. Nf3 Ne6 22. g3 Qd7 23. Qxd7 Rxd7 24. Rc6 Bf8 25. Kf2 h5 26. Ke3 Be7 27. g4 hxg4 28. hxg4 Re8 29. f5 Rc7 30. Rxc7 Nxc7 31. Rc1 Bd8 32. a4 gxf5 33. gxf5 Kf8 34. Kd3 Ke7 35. Rg1 Rh8 36. Bb2 Rh3 37. Ke2 Na6 38. f6+ Kd7 39. Ba3 Ke8 40. Rg8+ Kd7 41. Rf8 Nc7 42. Rxf7+ Ke8 43. Rg7 1-0

[Event "SVK-chT1W 0102"]
[Site "Slovakia"]
[Date "2002.??.??"]
[Round "7"]
[White "Janko, Ladislav"]
[Black "Kisonova, Katarina"]
[Result "0-1"]
[WhiteElo "2145"]
[BlackElo "2172"]
[PlyCount "170"]
[EventDate "2001.10.??"]
[EventType "team"]
[EventRounds "11"]
[EventCountry "SVK"]
[SourceTitle "EXT 2007"]
[Source "ChessBase"]
[SourceDate "2006.11.23"]
[SourceVersion "1"]
[SourceVersionDate "2006.11.23"]
[SourceQuality "1"]

1. e4 c5 2. Nf3 e6 3. d4 cxd4 4. Nxd4 a6 5. Nc3 Qc7 6. g3 b5 7. Bg2 Bb7 8. 0-0 d6 9. Re1 Nd7 10. Qe2 Be7 11. f4 Bf6 12. e5 Be7 13. exd6 Bxd6 14. Bxb7 Qxb7 15. Ne4 Be7 16. Nf5 Kf8 17. Nxe7 Nxe7 18. Ng5 Qc6 19. Be3 h6 20. Nf3 Rc8 21. c3 Nd5 22. Bd4 Kg8 23. Ne5 Nxe5 24. Qxe5 Nf6 25. g4 Qf3 26. g5 hxg5 27. fxg5 Qg4+ 28. Kh1 Nh5 29. Re3 Qf4 30. Qxf4 Nxf4 31. Rf1 Ng6 32. Ref3 Rc7 33. Rd1 Rd7 34. Rfd3 Nf4 35. Rf3 Nd5 36. Rfd3 Rh5 37. Be3 Rc7 38. Bc1 Rc4 39. Rd4 Rc8 40. R1d3 Kf8 41. Re4 Rc6 42. Bd2 Kg8 43. b3 f5 44. Red4 Kf7 45. a4 Rh8 46. axb5 axb5 47. c4 bxc4 48. Rxc4 Rhc8 49. Rxc6 Rxc6 50. Kg2 Kg6 51. Kf2 Rc2 52. Ke1 f4 53. Kd1 Rc5 54. b4 Rc4 55. Rb3 Kxg5 56. b5 Rc8 57. b6 Rb8 58. b7 Kf5 59. Rb5 Ke4 60. Ke2 g5 61. h3 Kd4 62. Bb4 Nxb4 63. Rxb4+ Kc5 64. Re4 Kd6 65. Rb4 Kc7 66. Rb5 Rxb7 67. Rxg5 Kd6 68. h4 e5 69. h5 Kd5 70. h6 Rb2+ 71. Kf3 Rh2 72. Rg6 Rh4 73. Rf6 e4+ 74. Kg2 Ke5 75. Ra6 Kf5 76. Rb6 Kg5 77. Re6 e3 78. Kf3 Rh3+ 79. Kg2 Rxh6 80. Re8 Rh4 81. Rg8+ Kf5 82. Rf8+ Ke4 83. Re8+ Kd3 84. Kf3 Rh2 85. Kxf4 Rf2+ 0-1

[Event "SVK-chT1W 0102"]
[Site "Slovakia"]
[Date "2002.??.??"]
[Round "10"]
[White "Kisonova, Katarina"]
[Black "Gunis, Juraj"]
[Result "1-0"]
[WhiteElo "2170"]
[BlackElo "2120"]
[PlyCount "85"]
[EventDate "2001.10.??"]
[EventType "team"]
[EventRounds "11"]
[EventCountry "SVK"]
[SourceTitle "EXT 2009"]
[Source "ChessBase"]
[SourceDate "2008.11.26"]
[SourceVersion "1"]
[SourceVersionDate "2008.11.26"]
[SourceQuality "1"]

1. e4 c5 2. f4 g6 3. Nf3 Bg7 4. Bc4 e6 5. d3 Nc6 6. 0-0 Nge7 7. c3 d5 8. Bb5 0-0 9. Qc2 Bd7 10. Be3 d4 11. Bf2 f5 12. Bg3 a6 13. Bxc6 Bxc6 14. Nbd2 h6 15. Rae1 Kh7 16. Nc4 dxc3 17. bxc3 b5 18. Nce5 Bb7 19. Nd2 Qd6 20. Re3 Nc6 21. Nxc6 Bxc6 22. Nf3 Rad8 23. exf5 exf5 24. Ne5 Bf6 25. Rfe1 Bxe5 26. fxe5 Qe6 27. R3e2 Rd7 28. h4 c4 29. d4 Be4 30. Qd2 Rff7 31. Bf4 g5 32. hxg5 hxg5 33. Bxg5 Rg7 34. Bf6 Rg6 35. Qf4 Qg8 36. Qh4+ Rh6 37. Qf2 Qg4 38. Re3 Rf7 39. Rg3 Qh5 40. Rh3 Qg6 41. Ree3 f4 42. Rxh6+ Kxh6 43. Rh3+ 1-0

[Event "SVK-chT1W 0102"]
[Site "Slovakia"]
[Date "2002.??.??"]
[Round "8"]
[White "Kisonova, Katarina"]
[Black "Janos, Ivan"]
[Result "1-0"]
[WhiteElo "2115"]
[BlackElo "2230"]
[PlyCount "57"]
[EventDate "2001.10.??"]
[EventType "team"]
[EventRounds "11"]
[EventCountry "SVK"]
[SourceTitle "EXT 2007"]
[Source "ChessBase"]
[SourceDate "2006.11.23"]
[SourceVersion "1"]
[SourceVersionDate "2006.11.23"]
[SourceQuality "1"]

1. e4 c5 2. f4 Nc6 3. Nf3 g6 4. Bb5 Bg7 5. Bxc6 bxc6 6. d3 d5 7. Qe2 Rb8 8. c3 Qb6 9. Nbd2 a5 10. a4 Nf6 11. Ra3 0-0 12. e5 Ne8 13. Qe3 f6 14. Nb3 fxe5 15. fxe5 Bg4 16. Nxc5 Bxf3 17. gxf3 Nc7 18. d4 Rfd8 19. Qg5 Bf8 20. e6 Rd6 21. Qg4 Qa7 22. h4 Ne8 23. h5 Nf6 24. Qg2 Bg7 25. hxg6 h5 26. Qg5 Kf8 27. Rxh5 Ke8 28. Rh7 Bf8 29. Qxf6 1-0

[Event "Tatry op"]
[Site "Tatranske Zruby"]
[Date "2001.09.30"]
[Round "2"]
[White "Juricek, Stanislav"]
[Black "Kisonova, Katarina"]
[Result "1-0"]
[WhiteElo "2238"]
[BlackElo "2092"]
[PlyCount "75"]
[EventDate "2001.09.29"]
[EventType "swiss"]
[EventRounds "9"]
[EventCountry "SVK"]
[SourceTitle "CBM 084 Extra"]
[Source "ChessBase"]
[SourceDate "2001.10.26"]
[SourceVersion "1"]
[SourceVersionDate "2001.10.26"]
[SourceQuality "1"]

1. e4 c5 2. Nf3 e6 3. d4 cxd4 4. Nxd4 Nf6 5. Nc3 d6 6. g3 a6 7. Bg2 Be7 8. 0-0 Qc7 9. Re1 Nbd7 10. h3 Rb8 11. a4 b6 12. g4 h6 13. Qe2 Bb7 14. f4 Rd8 15. g5 hxg5 16. fxg5 Nh5 17. g6 Bf6 18. gxf7+ Kxf7 19. Be3 Ne5 20. Rad1 Ke7 21. Nf3 Nc4 22. e5 dxe5 23. Rxd8 Kxd8 24. Ng5 Nxe3 25. Nxe6+ Kd7 26. Nxc7 Nxg2 27. N7d5 Nxe1 28. Qxe1 Nf4 29. Nxf4 exf4 30. Qd2+ Ke6 31. Qxf4 Rh4 32. Qc7 Bd4+ 33. Kf1 Bh1 34. Ne2 Be5 35. Qxb6+ Ke7 36. Qe3 Kd6 37. Ng3 Rf4+ 38. Qxf4 1-0

[Event "Wch U20 Girls 19th"]
[Site "Peristeri"]
[Date "2001.08.24"]
[Round "8"]
[White "Zigangirova, Sofya"]
[Black "Kisonova, Katarina"]
[Result "1-0"]
[WhiteElo "2150"]
[BlackElo "2092"]
[PlyCount "51"]
[EventDate "2001.08.16"]
[EventType "swiss"]
[EventRounds "13"]
[EventCountry "GRE"]
[SourceTitle "EXT 2002"]
[Source "ChessBase"]
[SourceDate "2001.11.25"]
[SourceVersion "1"]
[SourceVersionDate "2001.11.25"]
[SourceQuality "1"]

1. e4 c5 2. Nf3 e6 3. d4 cxd4 4. Nxd4 Nf6 5. Nc3 d6 6. Bc4 a6 7. Bb3 Qc7 8. Be3 Be7 9. Qe2 0-0 10. g4 Nc6 11. 0-0-0 Nxd4 12. Bxd4 e5 13. Be3 Bxg4 14. f3 Be6 15. Rhg1 Rfc8 16. Qg2 Bf8 17. f4 Bxb3 18. axb3 exf4 19. Bd4 f3 20. Qxf3 Nd7 21. Bxg7 Bxg7 22. Qg3 Kf8 23. Qxg7+ Ke8 24. e5 dxe5 25. Qh8+ Nf8 26. Rg8 1-0

[Event "Wch U20 Girls 19th"]
[Site "Peristeri"]
[Date "2001.08.18"]
[Round "3"]
[White "Kisonova, Katarina"]
[Black "Ramaswamy, Aarthie"]
[Result "0-1"]
[WhiteElo "2092"]
[BlackElo "2249"]
[PlyCount "164"]
[EventDate "2001.08.16"]
[EventType "swiss"]
[EventRounds "13"]
[EventCountry "GRE"]
[SourceTitle "EXT 2002"]
[Source "ChessBase"]
[SourceDate "2001.11.25"]
[SourceVersion "1"]
[SourceVersionDate "2001.11.25"]
[SourceQuality "1"]

1. e4 c5 2. f4 d5 3. exd5 Qxd5 4. Nc3 Qd8 5. Bb5+ Bd7 6. Bxd7+ Qxd7 7. d3 Nf6 8. Nf3 Nc6 9. 0-0 e6 10. Kh1 Nd4 11. Ne4 Be7 12. Ne5 Qc7 13. c3 Nc6 14. Nxc6 Qxc6 15. Qf3 Rc8 16. f5 Nxe4 17. dxe4 exf5 18. Qxf5 0-0 19. Be3 Qg6 20. Rae1 Rfd8 21. Rd1 b6 22. Kg1 Bf6 23. Qf3 Re8 24. e5 Rxe5 25. Bf4 Re7 26. Bd6 Rd7 27. Bf4 Re7 28. Bd6 Rd7 29. Bf4 Rxd1 30. Rxd1 h6 31. Re1 Rd8 32. Bc1 Bg5 33. Bxg5 Qxg5 34. Re2 Qd5 35. Re8+ Kh7 36. Rxd8 Qxd8 37. Qxf7 Qd1+ 38. Qf1 Qc2 39. h3 Qe4 40. Qf2 Qb1+ 41. Kh2 Qxa2 42. Qf5+ Kh8 43. Qf8+ Qg8 44. Qe7 Qb8+ 45. Kh1 a6 46. Qe6 Qb7 47. h4 b5 48. h5 Qa8 49. Qf5 c4 50. Qe6 Qd8 51. Qe2 Qd7 52. Qf3 Qe8 53. Kg1 Qe1+ 54. Kh2 Qe5+ 55. Kg1 a5 56. g4 b4 57. cxb4 axb4 58. Qf8+ Kh7 59. Qxb4 Qg3+ 60. Kf1 Qxg4 61. Qb5 Qd4 62. Qe8 Qf6+ 63. Ke1 Qf5 64. Kd2 Qd3+ 65. Kc1 c3 66. bxc3 Qxc3+ 67. Kd1 Qf6 68. Ke2 Qf5 69. Ke1 Qd5 70. Qg6+ Kh8 71. Qe8+ Qg8 72. Qe4 Qd8 73. Qg6 Qe7+ 74. Kd1 Kg8 75. Qg4 Kf8 76. Qf3+ Ke8 77. Kc2 Qe5 78. Qg4 Ke7 79. Kd2 Qg5+ 80. Qxg5+ hxg5 81. Ke3 Kf6 82. Ke4 Ke6 0-1